Every TNA Impact Wrestling Pay-Per-View (PPV) Main Eventer - Statistics

General Stats
  • This quiz has been taken 259 times
    75 since last reset
  • The average score is 49 of 81
Answer Stats
No. of Main Events Last Main Evented Wrestler % Correct
24 2013 AJ Styles
100%
30 2011 Kurt Angle
98%
22 2009 Samoa Joe
97%
30 2013 Sting
97%
12 2011 Abyss
93%
10 2013 Bully Ray
93%
18 2021 Christian Cage
92%
6 2011 Christopher Daniels
92%
18 2014 Jeff Hardy
90%
18 2015 Bobby Roode
88%
22 2015 Jeff Jarrett
88%
5 2008 Kevin Nash
88%
3 2015 Matt Hardy
88%
1 2021 Chris Sabin
83%
8 2014 James Storm
83%
4 2017 Bobby Lashley
82%
6 2009 Booker T
82%
2 2019 Brian Cage
82%
6 2024 Moose
82%
7 2011 Mr. Anderson
80%
6 2009 Scott Steiner
80%
7 2022 Eric Young
78%
2 2022 Karl Anderson
78%
3 2016 Drew Galloway
77%
5 2009 Mick Foley
77%
1 2011 Ric Flair
77%
4 2024 Alex Shelley
75%
1 2009 Kip James
75%
8 2019 Rob Van Dam
75%
5 2009 Devon
73%
2 2023 Mickie James
73%
7 2008 Rhino
73%
10 2018 Austin Aries
72%
3 2024 Kazarian
72%
3 2021 Kenny Omega
72%
2 2016 Ethan Carter III
68%
2 2023 Nick Aldis
68%
1 2024 Joe Hendry
67%
6 2024 Josh Alexander
67%
4 2021 Sami Callihan
65%
2 2020 Tessa Blanchard
65%
2 2022 Doc Gallows
62%
2 2024 Nic Nemeth
62%
3 2005 Raven
62%
3 2022 Eddie Edwards
60%
2 2023 Jordynne Grace
58%
1 2017 Eli Drake
57%
1 2005 Diamond Dallas Page
53%
2 2006 Ron Killings
53%
4 2021 Rich Swann
52%
1 2014 Davey Richards
48%
1 2009 Hernandez
48%
3 2019 Johnny Impact
48%
4 2010 Matt Morgan
48%
4 2006 Monty Brown
48%
3 2019 Pentagon Jr
48%
1 2019 Santana
48%
4 2007 Chris Harris
47%
1 2017 Alberto El Patron
45%
2 2023 Deonna Purrazzo
45%
3 2019 Fenix
42%
3 2019 Sabu
42%
1 2020 Ace Austin
40%
1 2014 MVP
40%
1 2019 Ortiz
38%
1 2024 Steve Maclin
37%
3 2008 Tomko
37%
1 2010 Desmond Wolfe
35%
1 2004 Elix Skipper
32%
2 2010 D'Angelo Dinero
28%
1 2014 The Great Muta
28%
1 2020 Trey Miguel
28%
1 2014 The Great Sanada
25%
1 2022 Jay Briscoe
23%
1 2022 Mark Briscoe
23%
1 2014 Robbie E
22%
1 2014 Jessie Godderz
20%
1 2023 Mike Bailey
20%
1 2014 Tajiri
18%
1 2005 Sean Waltman
15%
2 2023 Hiroshi Tanahashi
8%
No matching quizzes found
Score Distribution
Percent of People with Each Score
Percentile by Number Answered
Your Score History
You have not taken this quiz since the last reset